[Event "BPB Limburg Open"]
[Site "chess24.com"]
[Date "2017.06.02"]
[Round "1"]
[White "Baltic, Fatih"]
[Black "Beerdsen, Thomas"]
[Result "1/2-1/2"]
[Board "10"]
[WhiteElo "2212"]
[WhiteTitle "FM"]
[WhiteCountry "GER"]
[WhiteFideId "12979090"]
[WhiteEloChange "6"]
[BlackElo "2457"]
[BlackTitle "IM"]
[BlackCountry "NED"]
[BlackFideId "1030108"]
[BlackEloChange "-3"]

1. e4 {[%clk 1:59:39]} e5 {[%clk 2:00:24]} 2. Nf3 {[%clk 1:59:47]} Nc6 {[%clk
2:00:35]} 3. Bc4 {[%clk 1:59:58]} Nf6 {[%clk 2:00:45]} 4. d3 {[%clk 2:00:07]} h6
{[%clk 2:00:52]} 5. O-O {[%clk 1:58:55]} d6 {[%clk 2:00:54]} 6. a4 {[%clk
1:58:22]} g6 {[%clk 1:59:20]} 7. Re1 {[%clk 1:57:22]} Bg7 {[%clk 1:59:24]} 8.
Nbd2 {[%clk 1:53:07]} O-O {[%clk 1:58:48]} 9. a5 {[%clk 1:50:49]} a6 {[%clk
1:58:39]} 10. c3 {[%clk 1:50:34]} Kh7 {[%clk 1:46:41]} 11. Nf1 {[%clk 1:40:46]}
Be6 {[%clk 1:37:44]} 12. Bxe6 {[%clk 1:31:54]} fxe6 {[%clk 1:36:13]} 13. Ng3
{[%clk 1:28:06]} Qe7 {[%clk 1:33:01]} 14. h3 {[%clk 1:17:28]} Nd7 {[%clk
1:23:53]} 15. Be3 {[%clk 1:11:28]} d5 {[%clk 1:21:54]} 16. d4 {[%clk 1:05:14]}
exd4 {[%clk 1:14:40]} 17. Nxd4 {[%clk 1:03:22]} Nce5 {[%clk 1:09:05]} 18. exd5
{[%clk 0:59:39]} exd5 {[%clk 1:08:34]} 19. f4 {[%clk 0:58:18]} Nc4 {[%clk
1:07:34]} 20. Bf2 {[%clk 0:56:57]} Qd6 {[%clk 0:57:24]} 21. Ne6 {[%clk 0:51:49]}
Nxb2 {[%clk 0:56:59]} 22. Nxf8+ {[%clk 0:49:37]} Rxf8 {[%clk 0:56:49]} 23. Qc2
{[%clk 0:49:12]} 1/2-1/2

[Event "BPB Limburg Open"]
[Site "chess24.com"]
[Date "2017.06.03"]
[Round "2"]
[White "Sadler, Matthew D"]
[Black "Klein, Felix"]
[Result "1/2-1/2"]
[Board "1"]
[WhiteElo "2684"]
[WhiteTitle "GM"]
[WhiteCountry "ENG"]
[WhiteFideId "400173"]
[WhiteEloChange "-4"]
[BlackElo "2312"]
[BlackTitle "FM"]
[BlackCountry "GER"]
[BlackFideId "24600458"]
[BlackEloChange "8"]

1. e4 {[%clk 2:00:13]} c5 {[%clk 1:59:03]} 2. Nf3 {[%clk 2:00:22]} e6 {[%clk
1:59:09]} 3. d3 {[%clk 2:00:17]} Nc6 {[%clk 1:59:11]} 4. g3 {[%clk 2:00:20]} Nf6
{[%clk 1:59:18]} 5. Bg2 {[%clk 2:00:28]} Be7 {[%clk 1:59:27]} 6. O-O {[%clk
2:00:34]} O-O {[%clk 1:59:36]} 7. Re1 {[%clk 2:00:26]} d5 {[%clk 1:59:46]} 8.
Nbd2 {[%clk 2:00:29]} b5 {[%clk 1:59:54]} 9. e5 {[%clk 1:58:14]} Ne8 {[%clk
2:00:00]} 10. Nb3 {[%clk 1:45:12]} a5 {[%clk 1:37:49]} 11. Be3 {[%clk 1:42:52]}
Qb6 {[%clk 1:33:09]} 12. a3 {[%clk 1:33:15]} a4 {[%clk 1:25:42]} 13. Nbd2 {[%clk
1:33:23]} b4 {[%clk 1:24:36]} 14. h4 {[%clk 1:33:02]} bxa3 {[%clk 1:23:13]} 15.
bxa3 {[%clk 1:33:09]} Nc7 {[%clk 1:21:45]} 16. c4 {[%clk 1:26:16]} Ba6 {[%clk
1:17:39]} 17. Qxa4 {[%clk 1:24:40]} Bb7 {[%clk 1:02:05]} 18. Qc2 {[%clk 1:23:41]}
Rfb8 {[%clk 0:59:10]} 19. Rec1 {[%clk 1:18:51]} d4 {[%clk 0:42:15]} 20. Bf4
{[%clk 1:16:40]} Ra6 {[%clk 0:42:04]} 21. Ne1 {[%clk 0:57:24]} Qa7 {[%clk
0:41:04]} 22. Qd1 {[%clk 0:54:46]} Nd8 {[%clk 0:31:37]} 23. Bxb7 {[%clk 0:51:21]}
Rxb7 {[%clk 0:31:41]} 24. Nc2 {[%clk 0:51:22]} Na8 {[%clk 0:28:53]} 25. Ne4
{[%clk 0:44:52]} Nb6 {[%clk 0:28:05]} 26. Rcb1 {[%clk 0:33:21]} Nd7 {[%clk
0:26:53]} 27. Rxb7 {[%clk 0:32:06]} Qxb7 {[%clk 0:27:03]} 28. Rb1 {[%clk
0:32:15]} Rb6 {[%clk 0:25:09]} 29. Rxb6 {[%clk 0:31:21]} Qxb6 {[%clk 0:25:19]}
30. Ne1 {[%clk 0:31:27]} Qa5 {[%clk 0:23:47]} 31. Qc1 {[%clk 0:28:49]} Nc6 {[%clk
0:23:21]} 32. Nf3 {[%clk 0:28:55]} Qa4 {[%clk 0:20:45]} 33. Qb1 {[%clk 0:24:31]}
Qxa3 {[%clk 0:11:29]} 34. Qb7 {[%clk 0:24:29]} Ndb8 {[%clk 0:11:39]} 35. Bg5
{[%clk 0:10:31]} Bf8 {[%clk 0:10:28]} 36. Bd2 {[%clk 0:09:45]} h6 {[%clk
0:04:48]} 37. Ne1 {[%clk 0:07:19]} Qa7 {[%clk 0:04:09]} 38. Qxa7 {[%clk 0:07:25]}
Nxa7 {[%clk 0:04:24]} 39. h5 {[%clk 0:07:30]} Nac6 {[%clk 0:04:30]} 40. f4 {[%clk
0:07:39]} Na6 {[%clk 0:04:13]} 41. Kf2 {[%clk 0:07:36]} Be7 {[%clk 0:04:41]} 42.
Ke2 {[%clk 0:07:45]} Kf8 {[%clk 0:03:32]} 43. g4 {[%clk 0:07:23]} Nab8 {[%clk
0:03:08]} 44. Nc2 {[%clk 0:06:11]} Nd7 {[%clk 0:03:15]} 45. Na1 {[%clk 0:05:27]}
f6 {[%clk 0:03:11]} 46. exf6 {[%clk 0:05:36]} Nxf6 {[%clk 0:03:24]} 47. Kf3
{[%clk 0:05:47]} Nb8 {[%clk 0:01:20]} 48. Nb3 {[%clk 0:05:44]} Nbd7 {[%clk
0:01:16]} 49. Ng3 {[%clk 0:05:11]} Kf7 {[%clk 0:01:04]} 50. Bc1 {[%clk 0:04:38]}
Bd6 {[%clk 0:00:30]} 51. Ba3 {[%clk 0:03:54]} g6 {[%clk 0:00:29]} 52. hxg6+
{[%clk 0:02:39]} Kxg6 {[%clk 0:00:43]} 53. Nxd4 {[%clk 0:02:50]} Bxf4 {[%clk
0:00:25]} 54. Nxe6 {[%clk 0:02:59]} Bxg3 {[%clk 0:00:26]} 55. Kxg3 {[%clk
0:03:07]} h5 {[%clk 0:00:21]} 56. gxh5+ {[%clk 0:02:55]} Nxh5+ {[%clk 0:00:28]}
57. Kf3 {[%clk 0:03:05]} Kf5 {[%clk 0:00:01]} 58. Nxc5 {[%clk 0:02:09]} Ne5+
{[%clk 0:00:34]} 59. Ke3 {[%clk 0:02:18]} Nf4 {[%clk 0:00:35]} 60. Kd4 {[%clk
0:02:16]} Ne2+ {[%clk 0:00:37]} 61. Ke3 {[%clk 0:02:20]} Nf4 {[%clk 0:00:51]} 62.
Bb4 {[%clk 0:02:00]} Nfxd3 {[%clk 0:00:53]} 63. Nxd3 {[%clk 0:02:11]} Nxc4+
{[%clk 0:01:07]} 64. Kd4 {[%clk 0:02:21]} Nb6 {[%clk 0:01:18]} 65. Nc5 {[%clk
0:02:25]} Nc8 {[%clk 0:01:02]} 66. Nb7 {[%clk 0:02:16]} Ke6 {[%clk 0:01:04]} 67.
Nc5+ {[%clk 0:02:08]} Kd6 {[%clk 0:00:48]} 68. Nd3+ {[%clk 0:02:14]} Kc7 {[%clk
0:00:51]} 69. Ne5 {[%clk 0:02:17]} Kb7 {[%clk 0:00:35]} 70. Kc5 {[%clk 0:02:01]}
Nb6 {[%clk 0:00:34]} 71. Ba5 {[%clk 0:02:23]} Nc8 {[%clk 0:00:42]} 72. Bd8 {[%clk
0:02:14]} Na7 {[%clk 0:00:47]} 73. Nf7 {[%clk 0:02:22]} Nc8 {[%clk 0:00:30]} 74.
Ne5 {[%clk 0:02:16]} Na7 {[%clk 0:00:44]} 75. Nc4 {[%clk 0:02:26]} Nc8 {[%clk
0:00:36]} 76. Ba5 {[%clk 0:02:16]} Ka6 {[%clk 0:00:35]} 77. Bc7 {[%clk 0:02:27]}
Kb7 {[%clk 0:00:44]} 78. Bd8 {[%clk 0:02:38]} Ka6 {[%clk 0:00:28]} 79. Na5 {[%clk
0:02:23]} Na7 {[%clk 0:00:31]} 80. Bb6 {[%clk 0:02:18]} Nc8 {[%clk 0:00:29]} 81.
Bc7 {[%clk 0:02:29]} Na7 {[%clk 0:00:34]} 82. Bd8 {[%clk 0:02:19]} Nc8 {[%clk
0:00:47]} 83. Nc4 {[%clk 0:02:28]} Kb7 {[%clk 0:00:58]} 84. Bg5 {[%clk 0:01:54]}
Ka6 {[%clk 0:00:53]} 85. Bf4 {[%clk 0:01:45]} Kb7 {[%clk 0:01:03]} 86. Na5+
{[%clk 0:01:51]} Ka6 {[%clk 0:01:10]} 87. Nc6 {[%clk 0:02:01]} Kb7 {[%clk
0:01:16]} 88. Nd8+ {[%clk 0:02:00]} Ka6 {[%clk 0:01:27]} 89. Bc7 {[%clk 0:02:11]}
Na7 {[%clk 0:01:30]} 90. Bb8 {[%clk 0:02:12]} Nc8 {[%clk 0:00:48]} 91. Nc6 {[%clk
0:02:01]} Kb7 {[%clk 0:00:56]} 92. Be5 {[%clk 0:02:05]} Nb6 {[%clk 0:00:37]} 93.
Kb5 {[%clk 0:02:12]} Nc8 {[%clk 0:00:48]} 94. Nd8+ {[%clk 0:01:52]} Ka7 {[%clk
0:00:39]} 95. Bd4+ {[%clk 0:01:56]} Kb8 {[%clk 0:00:50]} 96. Kc6 {[%clk 0:02:01]}
Na7+ {[%clk 0:00:52]} 97. Kd7 {[%clk 0:02:12]} Ka8 {[%clk 0:00:30]} 98. Bc5
{[%clk 0:02:19]} Kb8 {[%clk 0:00:35]} 99. Bb6 {[%clk 0:02:29]} Ka8 {[%clk
0:00:39]} 100. Bc7 {[%clk 0:01:20]} Nb5 {[%clk 0:00:44]} 101. Be5 {[%clk
0:01:31]} Ka7 {[%clk 0:00:36]} 102. Kc6 {[%clk 0:01:41]} Ka6 {[%clk 0:00:46]}
103. Kc5 {[%clk 0:01:47]} Na7 {[%clk 0:00:48]} 104. Bc7 {[%clk 0:01:18]} Nb5
{[%clk 0:00:52]} 105. Bb8 {[%clk 0:01:28]} Na7 {[%clk 0:01:01]} 106. Ne6 {[%clk
0:01:10]} Kb7 {[%clk 0:01:09]} 107. Bf4 {[%clk 0:01:16]} Nc8 {[%clk 0:01:13]}
108. Nd8+ {[%clk 0:01:21]} Ka6 {[%clk 0:01:24]} 109. Nc6 {[%clk 0:01:27]} Kb7
{[%clk 0:01:16]} 110. Bd2 {[%clk 0:00:44]} Na7 {[%clk 0:01:00]} 111. Nd8+ {[%clk
0:00:54]} Ka6 {[%clk 0:01:17]} 112. Kd6 {[%clk 0:00:51]} Nb5+ {[%clk 0:01:23]}
113. Kc6 {[%clk 0:00:58]} Na7+ {[%clk 0:01:36]} 114. Kc5 {[%clk 0:01:09]} Nc8
{[%clk 0:01:47]} 1/2-1/2

[Event "BPB Limburg Open"]
[Site "chess24.com"]
[Date "2017.06.03"]
[Round "2"]
[White "Bogner, Sebastian"]
[Black "Warmerdam, Max"]
[Result "1/2-1/2"]
[Board "4"]
[WhiteElo "2603"]
[WhiteTitle "GM"]
[WhiteCountry "SUI"]
[WhiteFideId "4692055"]
[WhiteEloChange "-3"]
[BlackElo "2358"]
[BlackTitle "FM"]
[BlackCountry "NED"]
[BlackFideId "1048104"]
[BlackEloChange "6"]

1. d4 {[%clk 1:55:02]} Nf6 {[%clk 2:00:25]} 2. c4 {[%clk 1:55:14]} g6 {[%clk
2:00:34]} 3. Nc3 {[%clk 1:55:26]} Bg7 {[%clk 2:00:44]} 4. e4 {[%clk 1:55:36]} d6
{[%clk 2:00:56]} 5. Be2 {[%clk 1:55:47]} O-O {[%clk 2:01:06]} 6. Be3 {[%clk
1:56:00]} Na6 {[%clk 2:01:15]} 7. Nf3 {[%clk 1:50:54]} e5 {[%clk 2:01:03]} 8. d5
{[%clk 1:49:58]} Ng4 {[%clk 2:01:12]} 9. Bg5 {[%clk 1:50:07]} f6 {[%clk 2:01:24]}
10. Bh4 {[%clk 1:46:01]} Nh6 {[%clk 2:00:39]} 11. O-O {[%clk 1:36:52]} Nf7 {[%clk
1:59:18]} 12. Ne1 {[%clk 1:36:56]} Bh6 {[%clk 1:53:53]} 13. Nd3 {[%clk 1:33:58]}
c5 {[%clk 1:53:53]} 14. a3 {[%clk 1:28:56]} Bg5 {[%clk 1:38:23]} 15. Bg3 {[%clk
1:24:35]} f5 {[%clk 1:34:21]} 16. exf5 {[%clk 1:23:19]} Bxf5 {[%clk 1:31:47]} 17.
Bf3 {[%clk 1:14:44]} Bd7 {[%clk 1:21:37]} 18. Be4 {[%clk 1:07:03]} Qe7 {[%clk
1:08:25]} 19. Qb3 {[%clk 1:03:39]} b6 {[%clk 1:03:13]} 20. Rae1 {[%clk 1:02:44]}
Bh4 {[%clk 0:51:58]} 21. f4 {[%clk 0:52:10]} Bxg3 {[%clk 0:47:18]} 22. hxg3
{[%clk 0:52:23]} Rae8 {[%clk 0:45:44]} 23. Bf3 {[%clk 0:52:27]} Bf5 {[%clk
0:40:08]} 24. Ne4 {[%clk 0:43:28]} exf4 {[%clk 0:30:44]} 25. Qc3 {[%clk 0:28:20]}
Bxe4 {[%clk 0:29:44]} 26. Rxe4 {[%clk 0:28:19]} Qd7 {[%clk 0:24:48]} 27. Rxe8
{[%clk 0:20:44]} Rxe8 {[%clk 0:23:54]} 28. gxf4 {[%clk 0:20:56]} Nh6 {[%clk
0:22:45]} 29. Nf2 {[%clk 0:21:05]} Qg7 {[%clk 0:10:05]} 30. Qxg7+ {[%clk
0:18:51]} Kxg7 {[%clk 0:10:14]} 31. Ne4 {[%clk 0:19:03]} Nf7 {[%clk 0:09:19]} 32.
Kf2 {[%clk 0:17:34]} Nb8 {[%clk 0:08:44]} 33. Nc3 {[%clk 0:12:57]} a6 {[%clk
0:01:01]} 34. Bg4 {[%clk 0:12:33]} Nh6 {[%clk 0:01:14]} 35. Be6 {[%clk 0:12:17]}
Nf5 {[%clk 0:01:08]} 36. Ne4 {[%clk 0:11:57]} Rd8 {[%clk 0:01:18]} 37. Bxf5
{[%clk 0:08:34]} gxf5 {[%clk 0:01:28]} 38. Ng3 {[%clk 0:08:41]} Kg6 {[%clk
0:01:20]} 39. Re1 {[%clk 0:08:55]} Nd7 {[%clk 0:01:29]} 40. Re6+ {[%clk 0:05:32]}
Nf6 {[%clk 0:01:39]} 41. Nf1 {[%clk 0:05:38]} b5 {[%clk 0:00:57]} 42. Ne3 {[%clk
0:05:29]} bxc4 {[%clk 0:01:01]} 43. Nxc4 {[%clk 0:05:39]} Kf7 {[%clk 0:01:12]}
44. Kf3 {[%clk 0:04:10]} Nxd5 {[%clk 0:00:42]} 45. Rxd6 {[%clk 0:03:50]} Rxd6
{[%clk 0:00:52]} 46. Nxd6+ {[%clk 0:04:02]} Kf6 {[%clk 0:00:31]} 47. g3 {[%clk
0:03:57]} h5 {[%clk 0:00:33]} 48. Nc4 {[%clk 0:02:28]} Ke6 {[%clk 0:00:39]} 49.
Ne5 {[%clk 0:02:10]} Nf6 {[%clk 0:00:43]} 50. Nc4 {[%clk 0:01:36]} Nd5 {[%clk
0:00:36]} 51. Ke2 {[%clk 0:01:08]} Nf6 {[%clk 0:00:32]} 52. Ne3 {[%clk 0:00:52]}
Ng4 {[%clk 0:00:26]} 53. Nc4 {[%clk 0:00:39]} Nf6 {[%clk 0:00:37]} 54. Kf2 {[%clk
0:00:48]} Ng4+ {[%clk 0:00:40]} 55. Kf3 {[%clk 0:00:49]} Kd5 {[%clk 0:00:29]} 56.
Nb6+ {[%clk 0:00:32]} Kc6 {[%clk 0:00:25]} 57. Nc8 {[%clk 0:00:29]} Kd7 {[%clk
0:00:36]} 58. Nb6+ {[%clk 0:00:40]} Kc6 {[%clk 0:00:48]} 59. Nc8 {[%clk 0:00:31]}
Kd7 {[%clk 0:00:59]} 60. Nb6+ {[%clk 0:00:44]} 1/2-1/2

[Event "BPB Limburg Open"]
[Site "chess24.com"]
[Date "2017.06.03"]
[Round "2"]
[White "Van Dooren, Dirk"]
[Black "Fier, Alexandr"]
[Result "1-0"]
[Board "5"]
[WhiteElo "2346"]
[WhiteTitle "FM"]
[WhiteCountry "NED"]
[WhiteFideId "1015761"]
[WhiteEloChange "16"]
[BlackElo "2576"]
[BlackTitle "GM"]
[BlackCountry "BRA"]
[BlackFideId "2107139"]
[BlackEloChange "-8"]

1. e4 {[%clk 2:00:24]} c5 {[%clk 2:00:25]} 2. Nf3 {[%clk 2:00:34]} e6 {[%clk
2:00:36]} 3. d4 {[%clk 2:00:40]} cxd4 {[%clk 2:00:45]} 4. Nxd4 {[%clk 2:00:51]}
Nc6 {[%clk 2:00:54]} 5. Nc3 {[%clk 2:00:45]} Qc7 {[%clk 2:01:04]} 6. Be3 {[%clk
2:00:26]} a6 {[%clk 2:01:14]} 7. Bd3 {[%clk 1:55:25]} Nf6 {[%clk 2:00:37]} 8. O-O
{[%clk 1:55:15]} Ne5 {[%clk 2:00:48]} 9. Nf3 {[%clk 1:51:03]} Nxf3+ {[%clk
1:53:55]} 10. Qxf3 {[%clk 1:51:09]} Bd6 {[%clk 1:54:06]} 11. Kh1 {[%clk 1:46:21]}
h5 {[%clk 1:52:44]} 12. Na4 {[%clk 1:32:58]} Ng4 {[%clk 1:49:50]} 13. Nb6 {[%clk
1:31:58]} Nxh2 {[%clk 1:46:01]} 14. Nxa8 {[%clk 1:31:11]} Qb8 {[%clk 1:46:12]}
15. Qd1 {[%clk 1:31:09]} Qxa8 {[%clk 1:46:22]} 16. Re1 {[%clk 1:27:20]} Ng4
{[%clk 1:46:32]} 17. Bd4 {[%clk 1:12:10]} Qb8 {[%clk 1:46:08]} 18. Kg1 {[%clk
1:11:35]} b5 {[%clk 1:43:37]} 19. Be2 {[%clk 1:00:53]} Bb4 {[%clk 1:39:16]} 20.
Bxg4 {[%clk 1:00:28]} Bxe1 {[%clk 1:39:24]} 21. Bxh5 {[%clk 0:59:54]} Bb4 {[%clk
1:35:46]} 22. Bxg7 {[%clk 0:53:29]} Rh7 {[%clk 1:35:15]} 23. Qg4 {[%clk 0:51:39]}
Bf8 {[%clk 1:28:51]} 24. Bf6 {[%clk 0:51:20]} Qc7 {[%clk 1:28:55]} 25. Rd1 {[%clk
0:50:05]} d6 {[%clk 1:24:48]} 26. Rd3 {[%clk 0:42:24]} b4 {[%clk 1:21:07]} 27. c3
{[%clk 0:34:56]} a5 {[%clk 1:20:17]} 28. e5 {[%clk 0:32:39]} d5 {[%clk 1:20:27]}
29. Rh3 {[%clk 0:32:29]} Qc4 {[%clk 1:17:46]} 30. Qg8 {[%clk 0:32:33]} Qe4 {[%clk
1:17:56]} 31. Be2 {[%clk 0:24:01]} Rxh3 {[%clk 1:16:57]} 32. Bb5+ {[%clk
0:24:12]} Bd7 {[%clk 1:17:09]} 33. Bxd7+ {[%clk 0:24:22]} Kxd7 {[%clk 1:17:21]}
34. Qxf7+ {[%clk 0:24:32]} Kc6 {[%clk 1:17:15]} 35. Qxe6+ {[%clk 0:24:23]} Kb5
{[%clk 1:17:27]} 36. Qd7+ {[%clk 0:22:45]} Kc4 {[%clk 1:16:50]} 37. Qc8+ {[%clk
0:22:38]} Kb5 {[%clk 1:16:26]} 38. Qb7+ {[%clk 0:22:39]} Kc5 {[%clk 1:16:09]} 39.
Qa7+ {[%clk 0:19:06]} Kb5 {[%clk 1:16:11]} 40. gxh3 {[%clk 0:18:26]} bxc3 {[%clk
1:12:22]} 41. Qb7+ {[%clk 0:18:03]} Kc5 {[%clk 1:12:23]} 42. Qc7+ {[%clk
0:17:15]} Kb5 {[%clk 1:12:36]} 43. Qb7+ {[%clk 0:17:22]} Kc5 {[%clk 1:12:48]} 44.
Qc8+ {[%clk 0:17:25]} Kb5 {[%clk 1:12:57]} 45. Qe8+ {[%clk 0:16:34]} Kc4 {[%clk
1:09:22]} 46. bxc3 {[%clk 0:16:40]} Qb1+ {[%clk 1:05:06]} 47. Kg2 {[%clk
0:16:43]} Bc5 {[%clk 1:05:17]} 48. Qa4+ {[%clk 0:16:22]} Kd3 {[%clk 1:05:29]} 49.
Qxa5 {[%clk 0:15:39]} Ke2 {[%clk 1:05:37]} 50. Qa6+ {[%clk 0:15:09]} Kd2 {[%clk
1:05:43]} 51. Bg5+ {[%clk 0:15:19]} Kxc3 {[%clk 1:05:49]} 52. Qa5+ {[%clk
0:15:20]} Kc4 {[%clk 1:05:32]} 53. Qa4+ {[%clk 0:15:31]} Kc3 {[%clk 1:05:44]} 54.
Qb3+ {[%clk 0:15:34]} Qxb3 {[%clk 1:05:55]} 55. axb3 {[%clk 0:15:46]} d4 {[%clk
1:06:08]} 56. h4 {[%clk 0:14:18]} d3 {[%clk 1:05:41]} 57. h5 {[%clk 0:14:04]} Kd4
{[%clk 1:05:53]} 58. h6 {[%clk 0:14:01]} Be7 {[%clk 1:06:05]} 59. h7 {[%clk
0:12:53]} Bxg5 {[%clk 1:06:15]} 60. h8Q {[%clk 0:12:09]} d2 {[%clk 1:06:27]} 61.
Qh5 {[%clk 0:12:18]} Kd3 {[%clk 1:06:37]} 62. Qxg5 {[%clk 0:12:26]} 1-0

[Event "BPB Limburg Open"]
[Site "chess24.com"]
[Date "2017.06.03"]
[Round "2"]
[White "Ernst, Sipke"]
[Black "Stark, Lars"]
[Result "1/2-1/2"]
[Board "6"]
[WhiteElo "2535"]
[WhiteTitle "GM"]
[WhiteCountry "NED"]
[WhiteFideId "1004689"]
[WhiteEloChange "-2"]
[BlackElo "2389"]
[BlackTitle "IM"]
[BlackCountry "GER"]
[BlackFideId "4676386"]
[BlackEloChange "4"]

1. d4 {[%clk 2:00:00]} Nf6 {[%clk 2:00:00]} 2. c4 {[%clk 2:00:00]} e6 {[%clk
2:00:00]} 3. Nc3 {[%clk 2:00:00]} Bb4 {[%clk 2:00:00]} 4. e3 {[%clk 2:00:00]} c5
{[%clk 2:00:00]} 5. Ne2 {[%clk 2:00:00]} d6 {[%clk 2:00:00]} 6. a3 {[%clk
2:00:00]} Ba5 {[%clk 2:00:00]} 7. Ng3 {[%clk 2:00:00]} Nc6 {[%clk 2:00:00]} 8.
Be2 {[%clk 2:00:00]} O-O {[%clk 2:00:00]} 9. O-O {[%clk 2:00:00]} Bxc3 {[%clk
2:00:00]} 10. bxc3 {[%clk 2:00:00]} e5 {[%clk 2:00:00]} 11. Bd3 {[%clk 2:00:00]}
Re8 {[%clk 2:00:00]} 12. f3 {[%clk 2:00:00]} cxd4 {[%clk 2:00:00]} 13. cxd4
{[%clk 2:00:00]} exd4 {[%clk 2:00:00]} 14. exd4 {[%clk 2:00:00]} Qb6 {[%clk
2:00:00]} 15. Rb1 {[%clk 2:00:00]} Qxd4+ {[%clk 2:00:00]} 16. Kh1 {[%clk
2:00:00]} Qh4 {[%clk 2:00:00]} 17. Be2 {[%clk 2:00:00]} Nd4 {[%clk 2:00:00]} 18.
Bd3 {[%clk 2:00:00]} Nc6 {[%clk 2:00:00]} 19. Rb5 {[%clk 2:00:00]} h6 {[%clk
2:00:00]} 20. Bb2 {[%clk 2:00:00]} Ne5 {[%clk 2:00:00]} 21. Be2 {[%clk 2:00:00]}
Be6 {[%clk 2:00:00]} 22. Qxd6 {[%clk 2:00:00]} Nxc4 {[%clk 2:00:00]} 23. Qb4
{[%clk 2:00:00]} Rac8 {[%clk 2:00:00]} 24. Rxb7 {[%clk 1:52:11]} Nd5 {[%clk
1:58:54]} 25. Qa4 {[%clk 1:49:28]} Ndb6 {[%clk 1:56:47]} 26. Qb5 {[%clk 1:45:03]}
Nxb2 {[%clk 1:50:06]} 27. Qxb2 {[%clk 1:44:58]} Na4 {[%clk 1:43:15]} 28. Qb4
{[%clk 1:44:23]} Qxb4 {[%clk 1:43:00]} 29. axb4 {[%clk 1:44:17]} Rb8 {[%clk
1:42:19]} 30. Rxa7 {[%clk 1:43:57]} Nc3 {[%clk 1:41:33]} 31. Ba6 {[%clk 1:41:23]}
1/2-1/2

[Event "BPB Limburg Open"]
[Site "chess24.com"]
[Date "2017.06.03"]
[Round "2"]
[White "Hilverda, Alexander"]
[Black "Janssen, Ruud"]
[Result "1/2-1/2"]
[Board "7"]
[WhiteElo "2382"]
[WhiteCountry "GER"]
[WhiteFideId "4695437"]
[WhiteEloChange "4"]
[BlackElo "2521"]
[BlackTitle "GM"]
[BlackCountry "NED"]
[BlackFideId "1004816"]
[BlackEloChange "-2"]

1. e4 {[%clk 2:00:26]} e5 {[%clk 1:59:34]} 2. Nf3 {[%clk 2:00:23]} Nc6 {[%clk
1:59:41]} 3. Bc4 {[%clk 2:00:33]} Bc5 {[%clk 1:59:48]} 4. c3 {[%clk 2:00:40]} Nf6
{[%clk 1:59:53]} 5. d3 {[%clk 2:00:50]} d6 {[%clk 1:59:43]} 6. O-O {[%clk
2:00:16]} h6 {[%clk 1:58:37]} 7. Re1 {[%clk 1:49:13]} O-O {[%clk 1:58:06]} 8. h3
{[%clk 1:47:43]} a5 {[%clk 1:52:47]} 9. Nbd2 {[%clk 1:44:41]} Be6 {[%clk
1:41:33]} 10. a4 {[%clk 1:32:07]} Re8 {[%clk 1:34:28]} 11. Bxe6 {[%clk 1:24:04]}
Rxe6 {[%clk 1:33:27]} 12. Nf1 {[%clk 1:18:09]} d5 {[%clk 1:18:52]} 13. Qe2 {[%clk
1:09:19]} Qd7 {[%clk 1:11:53]} 14. Ng3 {[%clk 1:05:50]} Rd8 {[%clk 1:11:02]} 15.
Nf5 {[%clk 0:52:08]} d4 {[%clk 0:31:44]} 16. c4 {[%clk 0:49:13]} Kh7 {[%clk
0:24:41]} 17. Nh2 {[%clk 0:44:09]} Bf8 {[%clk 0:23:55]} 18. f4 {[%clk 0:39:22]}
g6 {[%clk 0:22:26]} 19. Ng3 {[%clk 0:38:04]} exf4 {[%clk 0:21:57]} 20. Bxf4
{[%clk 0:38:06]} Bg7 {[%clk 0:14:22]} 21. Rf1 {[%clk 0:36:30]} Qe7 {[%clk
0:11:17]} 22. Rf2 {[%clk 0:31:56]} Rf8 {[%clk 0:11:25]} 23. Raf1 {[%clk 0:31:28]}
Nd7 {[%clk 0:09:52]} 24. Bxc7 {[%clk 0:25:00]} Nc5 {[%clk 0:09:12]} 25. Bf4
{[%clk 0:24:26]} Nb4 {[%clk 0:06:54]} 26. Rd1 {[%clk 0:23:37]} f5 {[%clk
0:06:24]} 27. Qf1 {[%clk 0:20:11]} Nbxd3 {[%clk 0:04:09]} 28. Rxd3 {[%clk
0:20:09]} Nxd3 {[%clk 0:04:11]} 29. Qxd3 {[%clk 0:19:31]} fxe4 {[%clk 0:04:20]}
30. Qf1 {[%clk 0:19:05]} e3 {[%clk 0:03:51]} 31. Rf3 {[%clk 0:18:59]} e2 {[%clk
0:02:39]} 32. Qe1 {[%clk 0:19:05]} d3 {[%clk 0:02:33]} 33. Bd2 {[%clk 0:18:00]}
Qc5+ {[%clk 0:02:00]} 34. Kh1 {[%clk 0:17:57]} Qxc4 {[%clk 0:01:50]} 35. Rxf8
{[%clk 0:16:37]} Bxf8 {[%clk 0:02:03]} 36. Qf2 {[%clk 0:10:08]} Bg7 {[%clk
0:02:15]} 37. Ng4 {[%clk 0:09:00]} Qc1+ {[%clk 0:01:55]} 38. Bxc1 {[%clk
0:08:41]} e1Q+ {[%clk 0:02:07]} 39. Kh2 {[%clk 0:08:21]} Qxc1 {[%clk 0:02:15]}
40. Qf7 {[%clk 0:08:07]} d2 {[%clk 0:01:41]} 41. Ne4 {[%clk 0:07:00]} Qxb2 {[%clk
0:00:44]} 42. Qxe6 {[%clk 0:04:18]} d1Q {[%clk 0:00:54]} 43. Nef6+ {[%clk
0:04:26]} Bxf6 {[%clk 0:01:03]} 44. Nxf6+ {[%clk 0:04:31]} Qxf6 {[%clk 0:01:15]}
45. Qxf6 {[%clk 0:04:41]} Qd7 {[%clk 0:01:25]} 46. Qb6 {[%clk 0:02:45]} Qd5
{[%clk 0:01:38]} 47. Qc7+ {[%clk 0:02:29]} Kg8 {[%clk 0:01:51]} 48. Qe7 {[%clk
0:02:19]} h5 {[%clk 0:01:53]} 49. Qe8+ {[%clk 0:02:31]} Kg7 {[%clk 0:02:05]} 50.
Qe7+ {[%clk 0:02:44]} Kh6 {[%clk 0:01:35]} 51. h4 {[%clk 0:02:57]} Qd4 {[%clk
0:01:10]} 52. Qg5+ {[%clk 0:02:45]} Kh7 {[%clk 0:01:22]} 53. Qe7+ {[%clk
0:02:59]} Qg7 {[%clk 0:01:29]} 54. Qd6 {[%clk 0:02:25]} Qf7 {[%clk 0:01:26]} 55.
Qe5 {[%clk 0:01:22]} b6 {[%clk 0:01:11]} 56. Qd6 {[%clk 0:01:04]} Kg7 {[%clk
0:01:01]} 57. Qxb6 {[%clk 0:00:37]} Qf4+ {[%clk 0:01:12]} 58. g3 {[%clk 0:00:44]}
Qxa4 {[%clk 0:01:20]} 59. Qc7+ {[%clk 0:00:56]} Kf6 {[%clk 0:01:15]} 60. Qd6+
{[%clk 0:01:05]} Kf7 {[%clk 0:01:22]} 61. Qd5+ {[%clk 0:01:04]} Ke7 {[%clk
0:01:29]} 62. Qe5+ {[%clk 0:01:15]} Kf7 {[%clk 0:01:31]} 63. Qd5+ {[%clk
0:01:29]} Kf6 {[%clk 0:01:42]} 64. Qd8+ {[%clk 0:01:20]} Ke6 {[%clk 0:01:17]} 65.
Qg8+ {[%clk 0:00:45]} Kf6 {[%clk 0:01:24]} 66. Qd8+ {[%clk 0:00:51]} Ke6 {[%clk
0:01:28]} 67. Qg8+ {[%clk 0:01:05]} Ke5 {[%clk 0:01:20]} 68. Qg7+ {[%clk
0:00:49]} Kf5 {[%clk 0:00:41]} 69. Qf7+ {[%clk 0:01:13]} Ke5 {[%clk 0:00:54]} 70.
Qg7+ {[%clk 0:01:07]} Kd5 {[%clk 0:00:39]} 71. Qxg6 {[%clk 0:01:15]} Qa2+ {[%clk
0:00:47]} 72. Kh3 {[%clk 0:01:22]} Qe2 {[%clk 0:00:36]} 73. Qg5+ {[%clk 0:01:12]}
Qe5 {[%clk 0:00:44]} 74. Qd2+ {[%clk 0:01:05]} Kc6 {[%clk 0:00:43]} 75. Qc2+
{[%clk 0:01:10]} Kd6 {[%clk 0:00:45]} 76. Qd3+ {[%clk 0:01:03]} Qd5 {[%clk
0:00:56]} 77. Qa6+ {[%clk 0:01:02]} Ke5 {[%clk 0:01:02]} 78. Qe2+ {[%clk
0:01:15]} Kf6 {[%clk 0:01:14]} 79. Kh2 {[%clk 0:00:43]} Qe5 {[%clk 0:01:13]} 80.
Qf3+ {[%clk 0:00:47]} Ke7 {[%clk 0:01:02]} 81. Qb7+ {[%clk 0:00:54]} Kd8 {[%clk
0:01:14]} 82. Qb6+ {[%clk 0:00:57]} Kd7 {[%clk 0:01:22]} 83. Qb7+ {[%clk
0:01:08]} Ke8 {[%clk 0:01:18]} 84. Qc6+ {[%clk 0:01:14]} Kf7 {[%clk 0:01:27]} 85.
Qf3+ {[%clk 0:01:23]} Kg6 {[%clk 0:01:32]} 86. Qc6+ {[%clk 0:01:36]} Kf5 {[%clk
0:01:07]} 87. Qf3+ {[%clk 0:01:46]} Ke6 {[%clk 0:01:19]} 88. Qc6+ {[%clk
0:01:56]} Ke7 {[%clk 0:00:33]} 1/2-1/2